[Event "AUTO-OPEN-506"]
[Site "http://www.queenalice.com/game.php?id=149996"]
[Date "2007.1.4"]
[Round "1"]
[White "eductx"]
[Black "Ryu88"]
[Result "0-1"]
[WhiteElo "1784"]
[BlackElo "1873"]

1. Nf3 d5 2. c4 c6 3. d4 Bf5 4. Nc3 e6 5. Bf4 Nd7 6. g3 Ngf6 7. Bg2 Bb4 8. O-O
O-O 9. Ne5 Rc8 10. Bg5 Be7 11. Qc1 Re8 12. c5 b6 13. b4 a5 14. a3 axb4 15. axb4
bxc5 16. bxc5 Nxe5 0-1

[Event "AUTO-OPEN-506"]
[Site "http://www.queenalice.com/game.php?id=149997"]
[Date "2007.1.4"]
[Round "1"]
[White "Ryu88"]
[Black "eductx"]
[Result "1-0"]
[WhiteElo "1918"]
[BlackElo "1784"]

1. d4 d5 2. c4 e6 3. Nc3 Nf6 4. Bg5 Nbd7 5. Nf3 c6 6. a4 Be7 7. e3 h6 8. Bf4 Bb4
9. cxd5 Nxd5 10. Qc2 Qa5 11. Rc1 N7b6 12. Be5 f6 13. e4 Nxc3 14. bxc3 fxe5 15.
cxb4 Qxb4+ 16. Qc3 Qxc3+ 17. Rxc3 1-0

[Event "AUTO-OPEN-506"]
[Site "http://www.queenalice.com/game.php?id=150020"]
[Date "2007.1.4"]
[Round "1"]
[White "johntelker"]
[Black "Ryu88"]
[Result "0-1"]
[WhiteElo "1672"]
[BlackElo "1500"]

1. d4 Nf6 2. Nc3 d5 3. e4 dxe4 4. f3 exf3 5. Nxf3 Bg4 6. Bc4 e6 7. O-O c6 8. Qd3
Be7 9. Ne5 Bf5 10. Rxf5 Bd6 11. Rf1 a5 12. a3 Qb6 13. Ne4 Bxe5 14. Kh1 Bxd4 15.
Nd6+ Kf8 16. c3 Be5 17. Ne4 Qc7 18. Bg5 Nbd7 19. Rad1 Nd5 20. Qf3 f6 21. Bc1 h5
22. Ng5 Ke7 23. Ne4 Raf8 24. Be3 b6 25. Bb3 f5 26. Nd2 h4 27. h3 Rhg8 28. Bxd5
cxd5 29. Nb3 g5 30. Bf2 g4 31. Bxh4+ Ke8 32. hxg4 a4 33. Nd4 Bxd4 34. Rxd4 Ne5
35. Qe2 fxg4 36. Rxf8+ Rxf8 37. Bg3 Rh8+ 38. Kg1 Nf3+ 39. Kf2 Nxd4 40. Bxc7 Nxe2
41. Kxe2 b5 42. g3 Kd7 0-1

[Event "Challenge"]
[Site "http://www.queenalice.com/game.php?id=169129"]
[Date "2007.2.15"]
[Round "-"]
[White "biqz"]
[Black "Ryu88"]
[Result "0-1"]
[WhiteElo "1168"]
[BlackElo "1951"]

1. d4 Nf6 2. d5 d6 3. c4 c6 4. dxc6 Nxc6 5. g3 Bf5 6. Nc3 g6 7. Bg2 Bg7 8. Bxc6+
bxc6 9. Qd4 O-O 10. h3 Qc7 11. g4 Nxg4 12. hxg4 Bxd4 13. Nf3 Bxc3+ 14. bxc3 Bxg4
15. Rh4 Bxf3 16. exf3 e5 17. a4 Rab8 18. Bg5 Rb2 19. a5 d5 20. c5 Qd7 21. f4 Qf5
22. Be7 Qc2 23. Kf1 Qxf2# 0-1

[Event "AUTO-OPEN-571"]
[Site "http://www.queenalice.com/game.php?id=173987"]
[Date "2007.2.25"]
[Round "1"]
[White "Nelson_Abe"]
[Black "Ryu88"]
[Result "1-0"]
[WhiteElo "1877"]
[BlackElo "1984"]

1. d4 Nf6 2. c4 e6 3. Nf3 b6 4. Bg5 Be7 5. Nc3 Bb7 6. e3 c5 7. Bd3 d5 8. dxc5
bxc5 9. O-O h6 10. Bxf6 Bxf6 11. Qb3 Bc6 12. Rad1 d4 13. Ne4 O-O 14. Nxc5 Qa5
15. Ne4 Be7 16. Nxd4 Ba4 17. Qc3 Bb4 18. Qc1 Bxd1 19. Qxd1 Qxa2 20. Qg4 Be7 21.
Ng3 Nd7 22. Nh5 Bf6 23. Qe4 g6 24. Nxf6+ Nxf6 25. Qe5 Nd7 26. Qd6 Rad8 27. Nxe6
fxe6 28. Qxe6+ Rf7 29. Bxg6 Nf8 30. Qxf7+ Kh8 31. Qf6+ Kg8 32. Bf7+ Kh7 33. Qxd8
Kg7 34. Bd5 Qxb2 35. Qe7+ Kg6 36. Be4+ Kh5 37. Qxf8 Qe5 38. Qf7+ Kg4 39. f3+ Kh4
40. g3+ Qxg3+ 41. hxg3+ Kxg3 42. Qg7+ Kh4 43. Qg4# 1-0

[Event "AUTO-OPEN-571"]
[Site "http://www.queenalice.com/game.php?id=173988"]
[Date "2007.2.25"]
[Round "1"]
[White "Ryu88"]
[Black "Nelson_Abe"]
[Result "1-0"]
[WhiteElo "1951"]
[BlackElo "1917"]

1. d4 Nf6 2. c4 g6 3. Nc3 Bg7 4. e4 d6 5. Be2 O-O 6. Nf3 e5 7. d5 h6 8. Be3 b6
9. O-O a5 10. Qd2 Kh7 11. a3 Na6 12. Rab1 Ng4 13. Ne1 Nxe3 14. Qxe3 f5 15. f4
Nc5 16. Nd3 exf4 17. Nxf4 fxe4 18. b4 axb4 19. axb4 Nd3 20. Nxe4 Nxf4 21. Rxf4
Rxf4 22. Qxf4 Be5 23. Qf7+ Kh8 24. Qxg6 Bd7 25. Rf1 Ra1 26. Qxh6+ Kg8 27. Qg6+
Kh8 28. Bd3 Rxf1+ 29. Kxf1 Qh4 30. Ng5 Qf4+ 31. Nf3 Qc1+ 32. Ke2 Qb2+ 33. Ke3
Qc1+ 34. Ke2 Qb2+ 35. Bc2 Qxc2+ 36. Qxc2 Bg4 37. Qg6 Bxf3+ 38. Kxf3 1-0

[Event "AUTO-OPEN-571"]
[Site "http://www.queenalice.com/game.php?id=174011"]
[Date "2007.2.25"]
[Round "1"]
[White "jocker_1"]
[Black "Ryu88"]
[Result "0-1"]
[WhiteElo "1533"]
[BlackElo "1951"]

1. d4 Nf6 2. c4 e6 3. e3 b6 4. Nf3 Bb7 5. Bd3 c5 6. O-O d5 7. cxd5 Bxd5 8. Bb5+
Nbd7 9. Ne5 a6 10. Bxd7+ Nxd7 11. Qa4 b5 12. Qc2 Nxe5 13. dxe5 Qg5 14. a3 Qxg2#
0-1

[Event "AUTO-OPEN-571"]
[Site "http://www.queenalice.com/game.php?id=174012"]
[Date "2007.2.25"]
[Round "1"]
[White "Ryu88"]
[Black "jocker_1"]
[Result "1-0"]
[WhiteElo "1942"]
[BlackElo "1585"]

1. d4 d5 2. c4 dxc4 3. Nc3 Nf6 4. Bg5 e6 5. e4 Be7 6. Bxc4 O-O 7. Nf3 Ng4 8. Bf4
Bb4 9. h3 Nf6 10. e5 Ne4 11. Rc1 Nxc3 12. bxc3 Ba5 13. Bd3 Nc6 14. O-O Ne7 15.
Bxh7+ Kxh7 16. Ng5+ Kg8 17. Qh5 f6 18. Qh7# 1-0

[Event "AUTO-OPEN-571"]
[Site "http://www.queenalice.com/game.php?id=174027"]
[Date "2007.2.25"]
[Round "1"]
[White "Ryu88"]
[Black "MarcosRamos"]
[Result "0-1"]
[WhiteElo "1913"]
[BlackElo "1976"]

1. d4 d5 2. c4 c6 3. Nc3 Nf6 4. Bf4 e6 5. Nf3 dxc4 6. a4 Bb4 7. e3 Nd5 8. Qc2
Nxf4 9. g3 Nd3+ 10. Bxd3 cxd3 11. Qxd3 Nd7 12. O-O O-O 13. Ne2 Re8 14. h4 Nc5
15. Qc4 Na6 16. Nf4 Bd6 17. Ng2 Bd7 18. e4 e5 19. Rad1 exd4 20. Rxd4 Qe7 21. Re1
Bc5 22. Rd3 Be6 23. Qc1 Nb4 0-1

[Event "AUTO-OPEN-571"]
[Site "http://www.queenalice.com/game.php?id=174028"]
[Date "2007.2.25"]
[Round "1"]
[White "MarcosRamos"]
[Black "Ryu88"]
[Result "1-0"]
[WhiteElo "1900"]
[BlackElo "1945"]

1. b4 d5 2. Bb2 e6 3. e3 Nf6 4. b5 c6 5. Nf3 Bd7 6. a4 Be7 7. Be2 a6 8. Na3 O-O
9. O-O Re8 10. c4 axb5 11. axb5 Bxa3 12. Bxa3 dxc4 13. bxc6 Nxc6 14. Bxc4 h6 15.
d4 Ne7 16. Qb3 Bc6 17. Ne5 Qc7 18. Rfc1 Rac8 19. Nxf7 Ng4 20. Bd6 1-0

[Event "Challenge"]
[Site "http://www.queenalice.com/game.php?id=178199"]
[Date "2007.3.7"]
[Round "-"]
[White "kloosterveen"]
[Black "Ryu88"]
[Result "1-0"]
[WhiteElo "1640"]
[BlackElo "1896"]

1. d4 Nf6 2. g3 e6 3. Bg2 d5 4. c4 c6 5. Bg5 Be7 6. cxd5 cxd5 7. Nc3 Bd7 8. e4
dxe4 9. Nxe4 Bc6 10. Qd3 O-O 11. Nxf6+ Bxf6 12. Bxf6 Qxf6 13. Nf3 Na6 14. O-O
Nb4 15. Qb3 Nd5 16. Ne5 Rfc8 17. Qf3 Qxf3 18. Bxf3 Rd8 19. Nxc6 bxc6 20. Rfc1
Rac8 21. b3 a5 22. Bxd5 Rxd5 23. Rc4 h6 24. Rac1 g5 25. Rxc6 Rxc6 26. Rxc6 Rxd4
27. Rc8+ Kg7 28. Ra8 Rd5 29. Rb8 a4 30. bxa4 Ra5 31. Rb4 f5 32. Kg2 h5 33. Kf3
Kf6 34. Ke3 Ke5 35. Rb5+ Rxb5 36. axb5 Kd5 37. Kd3 Kc5 38. a4 e5 39. Kc3 g4 40.
Kb3 f4 41. Kc3 fxg3 42. hxg3 e4 43. Kd2 Kb6 44. Ke3 Ka5 45. Kxe4 Kxa4 46. b6 Kb4
47. b7 1-0

[Event "Challenge"]
[Site "http://www.queenalice.com/game.php?id=178241"]
[Date "2007.3.7"]
[Round "-"]
[White "Alice"]
[Black "Ryu88"]
[Result "0-1"]
[WhiteElo "1202"]
[BlackElo "1866"]

1. g3 d5 2. e3 c5 3. b3 Nc6 4. Na3 Nf6 5. c3 Bf5 6. d4 cxd4 7. cxd4 e6 8. Bg2
Bxa3 9. Bxa3 Qa5+ 10. b4 Qxa3 11. Ne2 O-O 12. O-O Nxb4 13. Qc1 Qa6 14. Bf3 Bd3
15. Rb1 Rac8 16. Qb2 Bxb1 17. Qxb1 Qa3 0-1

[Event "Let's Play Chess!"]
[Site "http://www.queenalice.com/game.php?id=179269"]
[Date "2007.3.10"]
[Round "-"]
[White "Ryu88"]
[Black "technicaldraw"]
[Result "1/2-1/2"]
[WhiteElo "1891"]
[BlackElo "1969"]

1. d4 Nf6 2. c4 g6 3. Nc3 d6 4. Bg5 Bg7 5. e4 O-O 6. h3 e5 7. d5 h6 8. Be3 Nbd7
9. Be2 Nb6 10. Qd2 Bd7 11. Bxh6 c6 12. b3 Rc8 13. Bg4 cxd5 14. Bxg7 Kxg7 15.
cxd5 Rh8 16. Bf3 a6 17. Nge2 1/2-1/2

[Event "Let's Play Chess!"]
[Site "http://www.queenalice.com/game.php?id=184173"]
[Date "2007.3.19"]
[Round "-"]
[White "Ryu88"]
[Black "claudiopsi"]
[Result "1/2-1/2"]
[WhiteElo "1873"]
[BlackElo "2089"]

1. Nf3 d5 2. d4 Nf6 3. c4 c6 4. Nc3 e6 5. a3 dxc4 6. e4 b5 7. b3 Qa5 8. Bd2 cxb3
9. Qxb3 Qd8 10. Bd3 Be7 11. Qd1 O-O 12. h4 e5 13. Be3 exd4 14. Bxd4 Ng4 15. Ne2
c5 16. Bc3 1/2-1/2

[Event "Challenge"]
[Site "http://www.queenalice.com/game.php?id=186045"]
[Date "2007.3.22"]
[Round "-"]
[White "Ryu88"]
[Black "EL_CHICO"]
[Result "0-1"]
[WhiteElo "1884"]
[BlackElo "1908"]

1. d4 d5 2. c4 e6 3. Nc3 b6 4. Nf3 Nc6 5. e3 Bb7 6. a3 Nf6 7. cxd5 exd5 8. Bd3
Bd6 9. O-O Qe7 10. b4 a6 11. b5 axb5 12. Bxb5 O-O 13. a4 Nb4 14. Ba3 c6 15. Be2
Rfd8 16. Qb3 Ba6 17. Rfc1 c5 18. dxc5 bxc5 19. Nb5 c4 20. Qc3 Ne4 21. Qb2 Bxb5
22. axb5 f6 23. Nd4 Nd3 24. Bxd6 Qxd6 25. Bxd3 Rxa1 26. Rxa1 cxd3 27. Nf3 Rc8
28. Rc1 Rc4 29. Ne1 d2 0-1

[Event "Ryu88  vs  Zoki74  ;-)"]
[Site "http://www.queenalice.com/game.php?id=190791"]
[Date "2007.4.2"]
[Round "-"]
[White "Ryu88"]
[Black "zoki74"]
[Result "0-1"]
[WhiteElo "1857"]
[BlackElo "2443"]

1. d4 Nf6 2. c4 e6 3. Nc3 Bb4 4. e3 c5 5. Ne2 cxd4 6. exd4 d5 7. a3 Be7 8. b3
dxc4 9. bxc4 O-O 10. g3 Qc7 11. c5 Qc6 12. Rg1 e5 13. Bg2 Qc7 14. Be3 Nbd7 15.
Rc1 exd4 16. Bxd4 Nxc5 17. Ne4 Nfxe4 18. Bxe4 Re8 19. Qc2 Qa5+ 20. Kf1 Nxe4 21.
Qxe4 Bh3+ 22. Rg2 Bxa3 0-1

[Event "AUTO-OPEN-506"]
[Site "http://www.queenalice.com/game.php?id=191892"]
[Date "2007.4.4"]
[Round "2"]
[White "carloswecker"]
[Black "Ryu88"]
[Result "0-1"]
[WhiteElo "1787"]
[BlackElo "1880"]

1. d4 Nf6 2. c4 e6 3. Nc3 Bb4 4. Nf3 b6 5. Bg5 Bb7 6. e3 O-O 7. Bd3 h6 8. Bh4 c5
9. O-O Bxc3 10. bxc3 d6 11. Qc2 Bxf3 12. gxf3 Nbd7 13. Kh1 Qc7 14. Rg1 Rae8 15.
Rg2 Kh8 16. Rag1 Rg8 17. d5 exd5 18. cxd5 Re5 19. Bf5 Rxd5 20. Bxd7 Nxd7 21. Qe4
Re5 22. Qg4 g5 23. f4 Re6 24. fxg5 Ne5 25. Qe4 Ng6 26. Qg4 Ne5 27. Qh5 Reg6 28.
gxh6 Qc6 29. Bg3 Rg5 30. Bxe5+ dxe5 31. Qf3 Qxf3 0-1

[Event "AUTO-OPEN-506"]
[Site "http://www.queenalice.com/game.php?id=191893"]
[Date "2007.4.4"]
[Round "2"]
[White "Ryu88"]
[Black "carloswecker"]
[Result "1-0"]
[WhiteElo "1866"]
[BlackElo "1803"]

1. d4 Nf6 2. c4 c5 3. d5 e6 4. Nc3 exd5 5. cxd5 d6 6. e4 g6 7. Bg5 a6 8. a4 Bg7
9. Bc4 Qe7 10. Nge2 O-O 11. O-O Re8 12. Ng3 Nbd7 13. f4 h6 14. Bh4 g5 15. fxg5
Nxe4 16. Ncxe4 Bxb2 17. Ra2 Bd4+ 18. Kh1 Ne5 19. Qh5 Bg4 20. Qxh6 Ng6 21. Raf2
Bg7 22. Nf6+ Bxf6 23. Rxf6 Nxh4 24. Qxh4 Bd7 25. Bd3 1-0

[Event "AUTO-OPEN-506"]
[Site "http://www.queenalice.com/game.php?id=191898"]
[Date "2007.4.4"]
[Round "2"]
[White "Ryu88"]
[Black "RobertD"]
[Result "1-0"]
[WhiteElo "1857"]
[BlackElo "1753"]

1. d4 d5 2. c4 e6 3. Nc3 Nf6 4. Nf3 c5 5. Bg5 dxc4 6. e3 a6 7. a4 Be7 8. Bxc4 h6
9. Bxf6 gxf6 10. O-O Nc6 11. d5 Nb4 12. Qb3 Qd6 13. Rad1 Qb6 14. e4 O-O 15. Nh4
exd5 16. exd5 Bd6 17. Ne4 Bd7 18. Nxf6+ 1-0

[Event "AUTO-OPEN-506"]
[Site "http://www.queenalice.com/game.php?id=191899"]
[Date "2007.4.4"]
[Round "2"]
[White "RobertD"]
[Black "Ryu88"]
[Result "1-0"]
[WhiteElo "1868"]
[BlackElo "1893"]

1. e4 c5 2. f4 d6 3. Be2 Nc6 4. Nf3 Nf6 5. O-O Nxe4 6. d3 Nf6 7. Nc3 a6 8. Be3
b5 9. Ne4 Nd5 10. Bd2 e6 11. c4 Nb6 12. b3 Be7 13. Bc3 f6 14. d4 cxd4 15. Nxd4
Nxd4 16. Bxd4 O-O 17. cxb5 axb5 18. Bxb5 Bb7 19. Bd3 f5 20. Ng3 Bf6 21. Be2 Nd5
22. Qd2 Rc8 23. Rac1 Rc7 24. Bxf6 Rxf6 25. a4 Rh6 26. Rf2 Rf7 27. Bf3 Qh4 28.
Nf1 Qe7 29. b4 Rff6 30. b5 Rfg6 31. Ne3 Nxf4 32. Bxb7 Nh3+ 33. Kf1 Nxf2 34. Rc8+
Kf7 35. Qc2 Qh4 36. Qc7+ Kf6 37. Qd8+ Ke5 38. Nc4+ Kf4 39. g3+ Rxg3 40. hxg3+
Qxg3 41. Qxd6+ Kg4 42. Ne5+ Kh4 43. Rc4+ f4 44. Rxf4+ Kh3 45. Rf3 1-0

[Event "AUTO-OPEN-506"]
[Site "http://www.queenalice.com/game.php?id=266794"]
[Date "2007.9.4"]
[Round "3"]
[White "me"]
[Black "Ryu88"]
[Result "0-1"]
[WhiteElo "2047"]
[BlackElo "1876"]

1. d4 Nf6 2. c4 b6 3. Nc3 e6 4. Bg5 Bb7 5. e4 Be7 6. Nf3 Nxe4 7. Bxe7 Qxe7 8.
Bd3 Ng5 9. Be2 O-O 10. d5 Nxf3+ 11. gxf3 Na6 12. Qd2 Qh4 13. Bd3 Nc5 14. Be4
Rfe8 15. O-O-O f5 16. Bc2 Qxc4 17. b3 Qb4 18. Kb2 a5 19. h4 a4 20. a3 Nxb3 21.
Bxb3 Qxb3+ 22. Kc1 Qxa3+ 23. Kc2 Qb3+ 24. Kd3 Ra5 0-1

[Event "AUTO-OPEN-506"]
[Site "http://www.queenalice.com/game.php?id=266795"]
[Date "2007.9.4"]
[Round "3"]
[White "Ryu88"]
[Black "me"]
[Result "0-1"]
[WhiteElo "1899"]
[BlackElo "2024"]

1. d4 Nf6 2. c4 e6 3. Nc3 Bb4 4. e3 b6 5. Bd3 Bb7 6. Nf3 O-O 7. e4 Bxc3+ 8. bxc3
Bxe4 9. Bg5 Bxd3 10. Qxd3 h6 11. Bh4 Re8 12. O-O d6 13. Nd2 Nbd7 14. f4 e5 15.
fxe5 dxe5 16. Rad1 Qe7 17. Rde1 Qd6 18. Bg3 Re7 19. Ne4 Nxe4 20. Qxe4 Rae8 21.
Rf5 exd4 22. Qxe7 Rxe7 23. Bxd6 Rxe1+ 24. Kf2 Re6 25. Bxc7 dxc3 0-1